MARC

LEADER 00000nam a2200000Ia 4500
001 15775
003 BGR
005 20260324175652.0
008 160829s2003 xx 000 0 cat d
080 |a FU-39-38 
100 1 |a Ràfols Casamada, Albert,  |d 1923-2009  |9 37014 
245 |a Matèria viva / Albert Ràfols Casamada 
260 |a Barcelona :  |b Diputació de Barcelona. Institut d'edicions,  |c 2003 
300 |a 48 p. :  |b  il. col. ;  |c 22 cm 
590 |a Al colofó: Exposició itinerant organitzada per la Diputació de Barcelona en conveni amb la Fundació Ràfols Casamada - Maria Girona i la col·laboració dels ajuntaments de Badalona, Caldes de Montbui, Castellbisbal, Cornellà de Llobregat, Martorell, Mataró, Sabadell, Sant Boi de Llobregat, Sant Celoni, Santa Coloma de Gramenet, Santa Perpètua de Mogoda, Vic i Vilanova i la Geltrú. 
600 0 |a Ràfols Casamada, Albert,  |d 1923-2009  |v Exposicions  |9 72382 
710 1 |a Barcelona (Catalunya : Província).  |b Diputació  |9 52408 
710 2 |a Fundació Ràfols Casamada-Maria Girona  |9 70972 
901 |a Arxiu 
942 |n 1  |2 udc  |c MON 
952 |0 0  |1 0  |4 0  |6 FU3938  |7 1  |9 47778  |a Arxiu  |b Arxiu  |d 2016-12-01  |l 0  |o FU-39-38  |p 15775  |r 2016-12-01 00:00:00  |w 2016-12-01  |y ARXIU 
999 |c 51577  |d 51577